Testament politique du Cardinal Iules Alberoni (Record no. 151399)

MARC details
000 -LEADER
campo de control de longitud fija 00812nam a22002055i 4500
001 - NÚMERO DE CONTROL
campo de control 151399
003 - IDENTIFICADOR DE NÚMERO DE CONTROL
campo de control ES-MaACL
005 - FECHA Y HORA DE LA ÚLTIMA TRANSACCIÓN
campo de control 20251105063134.0
008 - DATOS DE LONGITUD FIJA--INFORMACIÓN GENERAL
campo de control de longitud fija 990819s1753 sz |||| | fre d
040 ## - FUENTE DE CATALOGACIÓN
Centro catalogador/agencia de origen CLM
Lengua de catalogación spa
Centro/agencia transcriptor CLM
100 1# - ENTRADA PRINCIPAL--NOMBRE DE PERSONA
Nombre de persona Alberoni, Giulio,
Fechas asociadas al nombre 1664-1752
9 (RLIN) 19302
245 10 - MENCIÓN DEL TÍTULO
Título Testament politique du Cardinal Iules Alberoni
Resto del título : recueilli de divers mémoires, lettres & entretiens de son eminence /
Mención de responsabilidad, etc. par ... A.M. ; traduit de l'italien par le C. de R.B.M...
260 ## - PUBLICACIÓN, DISTRIBUCIÓN, ETC.
Lugar de publicación, distribución, etc. A Lausanne :
Nombre del editor, distribuidor, etc. chez Marc-Michel Bousquet & Compagnie,
Fecha de publicación, distribución, etc. 1753.
300 ## - DESCRIPCIÓN FÍSICA
Extensión XX, 338 [2] p. ;
Dimensiones 8º.
597 ## - NOTA DE DESCRIPCIÓN FÍSICA
NOTA DE DESCRIPCIÓN FÍSICA Sign.: A-Y8, Z4.
597 ## - NOTA DE DESCRIPCIÓN FÍSICA
NOTA DE DESCRIPCIÓN FÍSICA Port. a dos tintas y con grab. xil.
650 #7 - PUNTO DE ACCESO ADICIONAL DE MATERIA--TÉRMINO DE MATERIA
Término de materia o nombre geográfico como elemento de entrada Política
Fuente del encabezamiento o término embne
9 (RLIN) 140345
852 ## - LOCALIZACIÓN
Ubicación ES-MaACL
Número de control de estantería R-1471
Nota libre -- Enc. piel
Encuadernación Olim: G-13523
Holdings
Estatus retirado Estado de pérdida Estado de daño No para préstamo Colección Biblioteca de origen Biblioteca actual Ubicación en estantería Fecha de adquisición Fuente de adquisición Total de préstamos Signatura topográfica completa Código de barras Visto por última vez Precio de reemplazo Tipo de ítem Koha
        Libros del s. XVIII Biblioteca del Ateneo de Madrid Biblioteca del Ateneo de Madrid Depósito 17/01/2008     R-1471 1157964 23/02/2023 23/02/2023 Libro impreso antiguo